000 00760nam a2200217Ia 4500
003 GCL
008 140319s9999 xx 000 0 ara d
040 _aGCL /
_cGCL
082 0 4 _a320.9
_bا ص
100 1 _aايدلمان . آ. ى
245 1 0 _a"الصهيونية العالمية ""الأيدلوجية والممارسة"" دراسة سياسية - اجتماعية واقتصادية" /
_cايدلمان . آ. ى
700 1 _aسير غيف . س
700 1 _aناغاتيشوك . ف?. ى
700 1 _aشحاده العبد المجيد
300 _a212
490 _a100 قصة
_v0
650 0 4 _aالنزاع العربى الاسرائيلى
650 0 4 _aالصهيونية
650 0 4 _aالمنظمات الدولية
942 _2ddc
_cBK
999 _c44155
_d44155